MARC

LEADER 00000nam0a2200000 4500
001 67664
005 20231031073757.0
035 |a (RuTPU)RU\TPU\book\72046 
090 |a 67664 
100 |a 20040920d1968 k y0rusy50 ca 
101 1 |a rus  |c eng 
102 |a RU 
105 |a a z 001zy 
200 1 |a Оптические высокотемпературные печи  |e пер. с англ.  |f Т. С. Ласло 
210 |a Москва  |c Мир  |d 1968 
215 |a 212 с.  |c ил. 
320 |a Библиогр.: с. 168-179, 208-211 
610 1 |a оптические печи 
610 1 |a высокотемпературные печи 
610 1 |a источники излучения 
610 1 |a конструирование 
610 1 |a применение 
610 1 |a измерения 
675 |a 621.47  |v 3 
700 1 |a Ласло  |b Т. С.  |g Тибор С. 
801 1 |a RU  |b 63413507  |c 20040920  |g PSBO 
801 2 |a RU  |b 63413507  |c 20140425  |g RCR 
942 |c BK